Score 0/44 Timer 10:00
0 Plays Today
County County Seat % Correct
Nodaway County Maryville
95.2%
Buchanan CountySt. Joseph
95.2%
Platte County Platte City
95.2%
Clay CountyLiberty
95.2%
Schuyler CountyLancaster
95.2%
Boone CountyColumbia
95.2%
Atchinson CountyRock Port
90.5%
Andrew County Savannah
90.5%
Clinton CountyPlattsburg
90.5%
Worth CountyGrant City
90.5%
Ray CountyRichmond
90.5%
Harrison CountyBethany
90.5%
Grundy CountyTrenton
90.5%
Livingston CountyChillicothe
90.5%
Carroll CountyCarrollton
90.5%
Linn CountyLinneus
90.5%
Adair CountyKirksville
90.5%
Macon CountyMacon
90.5%
Callaway CountyFulton
90.5%
Montgomery CountyMontgomery City
90.5%
Warren CountyWarrenton
90.5%
St. Charles CountySt. Charles
90.5%
County County Seat % Correct
Ralls CountyNew London
90.5%
Shelby CountyShelbyville
90.5%
Scotland CountyMemphis
90.5%
Holt CountyOregon
85.7%
DeKalb CountyMaysville
85.7%
Daviess CountyGallatin
85.7%
Mercer CountyPrinceton
85.7%
Chariton CountyKeytesville
85.7%
Sullivan CountyMilan
85.7%
Randolph CountyHuntsville
85.7%
Audrain CountyMexico
85.7%
Monroe CountyParis
85.7%
Lincoln County Troy
85.7%
Pike County Bowling Green
85.7%
Lewis CountyMonticello
85.7%
Clark CountyKahoka
85.7%
Gentry CountyAlbany
81%
Putnam CountyUnionville
81%
Caldwell CountyKingston
76.2%
Howard CountyFayette
76.2%
Marion CountyPalmyra
76.2%
Knox CountyEdina
76.2%
Remove Ads.
Support Sporcle.
Get the best of Sporcle when you Go Orange. This ad-free experience offers more features, more stats, and more fun while also helping to support Sporcle. Thank you for becoming a member.

You're not logged in!

Compare scores with friends on all Sporcle quizzes.
OR
Log In

Show Comments

Extras

Created Sep 23, 2019ReportNominateIcon Source: Map of Missouri
Tags:County, County Seats, missouri, Northern, seat

Top Quizzes Today


Score Distribution

Your Account Isn't Verified!

In order to create a playlist on Sporcle, you need to verify the email address you used during registration. Go to your Sporcle Settings to finish the process.

Report this User

Report this user for behavior that violates our Community Guidelines.

Details: